| 000 | 00828 a2200217 4500 | ||
|---|---|---|---|
| 008 | 080820t xxu||||| |||| 00| 0 eng d | ||
| 010 | _aENG-84931 | ||
| 020 |
_a8180430448 _c600.00 |
||
| 035 | _aEN-68464 | ||
| 037 | _bD.B.Act / Pub | ||
| 082 | _a809 | ||
| 245 |
_aStudies In Comparative Literature _bTheory Culture And Space _cedited by Jancy James...[et al] |
||
| 260 |
_aNew Delhi _bCreative Books _c2007 |
||
| 270 |
_aSHANTI CB- 24,Naraina _bDelhi _cNew Delhi _e110028 _k25775818 _mcreativebooks2004@yahoo.com |
||
| 300 |
_axi, 298 p. _c22 cm (Hb) |
||
| 650 |
_aLiterature _xComparative |
||
| 700 | _aJames, Jancy | ||
| 700 | _aChandra Mohan | ||
| 942 |
_adpl _cEN _k809/ STU _2ddc _h809 _mSTU |
||
| 999 |
_c762 _d762 |
||